<?xml version="1.0" encoding="UTF-8"?><?xml-stylesheet type="text/xsl" href="static/style.xsl"?><OAI-PMH xmlns="http://www.openarchives.org/OAI/2.0/" xmlns:xsi="http://www.w3.org/2001/XMLSchema-instance" xsi:schemaLocation="http://www.openarchives.org/OAI/2.0/ http://www.openarchives.org/OAI/2.0/OAI-PMH.xsd"><responseDate>2026-04-14T02:43:01Z</responseDate><request verb="GetRecord" identifier="oai:www.recercat.cat:20.500.12327/2940" metadataPrefix="marc">https://recercat.cat/oai/request</request><GetRecord><record><header><identifier>oai:recercat.cat:20.500.12327/2940</identifier><datestamp>2025-10-22T11:18:22Z</datestamp><setSpec>com_2072_4428</setSpec><setSpec>com_2072_4427</setSpec><setSpec>col_2072_487898</setSpec></header><metadata><record xmlns="http://www.loc.gov/MARC21/slim" xmlns:dcterms="http://purl.org/dc/terms/" xmlns:xsi="http://www.w3.org/2001/XMLSchema-instance" xmlns:doc="http://www.lyncode.com/xoai" xsi:schemaLocation="http://www.loc.gov/MARC21/slim http://www.loc.gov/standards/marcxml/schema/MARC21slim.xsd">
   <leader>00925njm 22002777a 4500</leader>
   <datafield ind2=" " ind1=" " tag="042">
      <subfield code="a">dc</subfield>
   </datafield>
   <datafield ind2=" " ind1=" " tag="720">
      <subfield code="a">Aranzana, Maria Jose</subfield>
      <subfield code="e">author</subfield>
   </datafield>
   <datafield ind2=" " ind1=" " tag="720">
      <subfield code="a">Illa, Eudald</subfield>
      <subfield code="e">author</subfield>
   </datafield>
   <datafield ind2=" " ind1=" " tag="720">
      <subfield code="a">Howad, Werner</subfield>
      <subfield code="e">author</subfield>
   </datafield>
   <datafield ind2=" " ind1=" " tag="720">
      <subfield code="a">Arús, Pere</subfield>
      <subfield code="e">author</subfield>
   </datafield>
   <datafield ind2=" " ind1=" " tag="260">
      <subfield code="c">2012-06-10</subfield>
   </datafield>
   <datafield ind2=" " ind1=" " tag="520">
      <subfield code="a">Three factors may have reduced the diversity at&#xd;
both individual gene and whole genome levels in cultivated&#xd;
peach: its self-compatible mating system, the narrow genetic&#xd;
basis of most commercial cultivars, and the recent strong&#xd;
selection towards agronomically interesting traits. Previous&#xd;
diversity analyses with markers such as simple sequence&#xd;
repeats (SSRs) have revealed low levels of genetic variability. Here, we sequenced 23 genome-wide distributed DNA&#xd;
fragments in 47 occidental peach varieties, also observing&#xd;
reduced variability levels. On average, there was one single&#xd;
nucleotide polymorphism (SNP) every 598 bp and one indel&#xd;
every 4,189 bp. As expected, variability was higher in noncoding than in coding regions (one SNP every 390 noncoding bp versus one in 1,850 bp in coding DNA). In&#xd;
general, SNPs were observed at relatively high frequency,&#xd;
mean minor allele frequency00.225, meaning that a large&#xd;
proportion of the SNPs discovered by sequencing similar&#xd;
germplasm will be useful for other purposes, such as association mapping. The average heterozygosity of the varieties&#xd;
was 0.28, with a low correlation between SSR and SNP&#xd;
heterozygosity. The whole sequence of two candidate genes,&#xd;
a pectate lyase 1 candidate for fruit firmness (CGPAA2668)&#xd;
and a sucrose synthase 1 candidate for sugar content&#xd;
(CGPPB6189), in the 47 varieties revealed that they both&#xd;
may have suffered a process of balancing selection.</subfield>
   </datafield>
   <datafield ind1="8" ind2=" " tag="024">
      <subfield code="a">Aranzana, María José, Eudald Illa, Werner Howad, and Pere Arús. 2012. “A First Insight Into Peach [Prunus Persica (L.) Batsch] SNP Variability.” Tree Genetics &amp; Genomes 8 (6): 1359–1369. doi:10.1007/s11295-012-0523-6.</subfield>
   </datafield>
   <datafield ind1="8" ind2=" " tag="024">
      <subfield code="a">1614-2942</subfield>
   </datafield>
   <datafield ind1="8" ind2=" " tag="024">
      <subfield code="a">http://hdl.handle.net/20.500.12327/2940</subfield>
   </datafield>
   <datafield ind1="8" ind2=" " tag="024">
      <subfield code="a">https://doi.org/10.1007/s11295-012-0523-6</subfield>
   </datafield>
   <datafield ind2="0" ind1="0" tag="245">
      <subfield code="a">A first insight into peach [Prunus persica (L.) Batsch] SNP variability</subfield>
   </datafield>
</record></metadata></record></GetRecord></OAI-PMH>